[Event "Maria Teresa Mora Memorial op"]
[Site "Havana"]
[Date "2018.03.08"]
[Round "2"]
[White "Blanco Milet, Leandro"]
[Black "Lledo Perez, Sandy Osvaldo"]
[Result "1/2-1/2"]
[WhiteElo "2053"]
[BlackElo "1957"]
[PlyCount "74"]
[EventDate "2018.03.08"]
[EventType "swiss"]
[EventRounds "9"]
[EventCountry "CUB"]
[SourceTitle "EXT 2021"]
[Source "ChessBase"]
[SourceDate "2020.10.23"]
[SourceVersion "1"]
[SourceVersionDate "2020.10.23"]
[SourceQuality "1"]

1. c4 Nf6 2. Nc3 e6 3. Nf3 d5 4. e3 Be7 5. d4 0-0 6. Bd3 dxc4 7. Bxc4 c5 8. 0-0 a6 9. dxc5 Bxc5 10. a3 b5 11. Bd3 Bb7 12. b4 Bd6 13. Bb2 Qe7 14. e4 e5 15. Qe2 Nbd7 16. Rac1 Rac8 17. Rfd1 Rfd8 18. h3 Nb6 19. Nd2 Bb8 20. Nb3 g6 21. Nc5 Nh5 22. g3 Bd6 23. Nxb7 Qxb7 24. Qf3 Bf8 25. Bf1 Bg7 26. Rxd8+ Rxd8 27. Rd1 Rxd1 28. Qxd1 Qe7 29. Nd5 Qd7 30. Be2 Nxd5 31. Bxh5 Nf6 32. Qxd7 Nxd7 33. Bd1 Bh6 34. Bb3 Kf8 35. Kf1 f6 36. Ke2 Ke7 37. Kd3 Nb6 1/2-1/2

[Event "Artemisa Inder Anivers"]
[Site "Artemisa"]
[Date "2018.02.24"]
[Round "8.2"]
[White "Lledo Perez, Sandy Osvaldo"]
[Black "Torres Morales, Yordan"]
[Result "1-0"]
[WhiteElo "1976"]
[BlackElo "1883"]
[PlyCount "78"]
[EventDate "2018.02.20"]
[EventType "team-tourn"]
[EventRounds "10"]
[EventCountry "CUB"]
[SourceTitle "EXT 2021"]
[Source "ChessBase"]
[SourceDate "2020.10.23"]
[SourceVersion "1"]
[SourceVersionDate "2020.10.23"]
[SourceQuality "1"]
[WhiteTeam "Havana"]
[BlackTeam "Isla de la Juventud"]
[WhiteTeamCountry "CUB"]
[BlackTeamCountry "CUB"]

1. e4 d6 2. d4 Nf6 3. Nc3 g6 4. Bg5 Bg7 5. e5 dxe5 6. dxe5 Qxd1+ 7. Rxd1 Ng4 8. Nd5 Bxe5 9. Nf3 c6 10. Nxe7 Be6 11. Nxg6 fxg6 12. Nxe5 0-0 13. Nxg4 Bxg4 14. Bc4+ Kg7 15. f3 Bf5 16. Bb3 Re8+ 17. Kf2 Na6 18. g4 Be6 19. Bxe6 Rxe6 20. Rd7+ Kg8 21. Rxb7 Rae8 22. b4 Rb8 23. Rxb8+ Nxb8 24. a4 Na6 25. Rb1 Nc7 26. c4 a6 27. Bf4 Re7 28. Bxc7 Rxc7 29. b5 cxb5 30. axb5 axb5 31. cxb5 Kf7 32. b6 Rb7 33. g5 Ke6 34. Rb5 Kd6 35. Ke3 Kc6 36. Rb4 Kc5 37. Re4 Kxb6 38. Rb4+ Kc6 39. Rxb7 Kxb7 1-0

[Event "Aleman Memorial"]
[Site "Havana"]
[Date "2018.??.??"]
[Round "3"]
[White "Diaz Rodriguez, Leandro"]
[Black "Lledo Perez, Sandy Osvaldo"]
[Result "0-1"]
[WhiteElo "1785"]
[BlackElo "1976"]
[PlyCount "64"]
[EventDate "2018.02.02"]
[EventType "swiss"]
[EventRounds "7"]
[EventCountry "CUB"]
[SourceTitle "EXT 2021"]
[Source "ChessBase"]
[SourceDate "2020.10.23"]
[SourceVersion "1"]
[SourceVersionDate "2020.10.23"]
[SourceQuality "1"]

1. e4 d5 2. exd5 Nf6 3. d4 Bg4 4. Be2 Bxe2 5. Nxe2 Qxd5 6. 0-0 Nc6 7. Nbc3 Qd7 8. Bf4 a6 9. Ng3 e6 10. Qd2 0-0-0 11. Nce2 Nxd4 12. Rfd1 Nxe2+ 13. Qxe2 Qc6 14. Rxd8+ Kxd8 15. c3 Be7 16. a4 Kc8 17. b4 Nd5 18. b5 Nxf4 19. bxc6 Nxe2+ 20. Nxe2 bxc6 21. Nd4 Bf6 22. Nxc6 Kb7 23. Na5+ Kb6 24. Nc4+ Kc5 25. Nd2 Bxc3 26. Ne4+ Kd4 27. Nxc3 Kxc3 28. Rc1+ Kb4 29. Rxc7 Rf8 30. Ra7 a5 31. Kf1 Kxa4 32. Ke2 Kb4 0-1

[Event "Maria Teresa Mora Memorial op"]
[Site "Havana"]
[Date "2018.??.??"]
[Round "3"]
[White "Lledo Perez, Sandy Osvaldo"]
[Black "Gonzalez Porro, Armando Andres"]
[Result "0-1"]
[WhiteElo "1957"]
[BlackElo "2056"]
[PlyCount "52"]
[EventDate "2018.03.08"]
[EventType "swiss"]
[EventRounds "9"]
[EventCountry "CUB"]
[SourceTitle "EXT 2021"]
[Source "ChessBase"]
[SourceDate "2020.10.23"]
[SourceVersion "1"]
[SourceVersionDate "2020.10.23"]
[SourceQuality "1"]

1. e4 c5 2. Nc3 Nc6 3. f4 g6 4. Nf3 Bg7 5. Bb5 e6 6. 0-0 Nge7 7. d3 0-0 8. Qe1 d5 9. Bxc6 Nxc6 10. e5 a6 11. Qf2 b6 12. d4 cxd4 13. Nxd4 Nxd4 14. Qxd4 Bb7 15. Na4 Rc8 16. Nxb6 Rxc2 17. Be3 f6 18. Rac1 fxe5 19. fxe5 Rxf1+ 20. Rxf1 Qc7 21. Qb4 Qc6 22. Qh4 Rxg2+ 23. Kh1 g5 24. Qh5 d4 25. Qf7+ Kh8 26. Nd5 Rf2 0-1

[Event "Aleman Memorial"]
[Site "Havana"]
[Date "2018.??.??"]
[Round "2"]
[White "Lledo Perez, Sandy Osvaldo"]
[Black "Ojeda Lago, Ariadna"]
[Result "0-1"]
[WhiteElo "1976"]
[BlackElo "2043"]
[PlyCount "32"]
[EventDate "2018.02.02"]
[EventType "swiss"]
[EventRounds "7"]
[EventCountry "CUB"]
[SourceTitle "EXT 2021"]
[Source "ChessBase"]
[SourceDate "2020.10.23"]
[SourceVersion "1"]
[SourceVersionDate "2020.10.23"]
[SourceQuality "1"]

1. g4 d5 2. Bg2 c6 3. h3 e5 4. d4 e4 5. c4 Be6 6. Nc3 h5 7. g5 Ne7 8. Qb3 Qd7 9. cxd5 cxd5 10. Bf4 Ng6 11. Bg3 Nc6 12. 0-0-0 Rc8 13. Kb1 h4 14. Bh2 Na5 15. Qb5 Nc4 16. e3 Na3+ 0-1

[Event "Aleman Memorial"]
[Site "Havana"]
[Date "2018.??.??"]
[Round "1"]
[White "Melis Gras, Rolando Eusebio"]
[Black "Lledo Perez, Sandy Osvaldo"]
[Result "1/2-1/2"]
[WhiteElo "1855"]
[BlackElo "1976"]
[PlyCount "50"]
[EventDate "2018.02.02"]
[EventType "swiss"]
[EventRounds "7"]
[EventCountry "CUB"]
[SourceTitle "EXT 2021"]
[Source "ChessBase"]
[SourceDate "2020.10.23"]
[SourceVersion "1"]
[SourceVersionDate "2020.10.23"]
[SourceQuality "1"]

1. d4 e6 2. c4 f5 3. g3 Nf6 4. Nc3 d5 5. Bg5 c6 6. c5 Be7 7. Nf3 Nbd7 8. Bg2 a5 9. 0-0 Ne4 10. Bxe7 Qxe7 11. Qc1 e5 12. e3 0-0 13. a3 Rf6 14. Nxe4 fxe4 15. Nxe5 Nxe5 16. dxe5 Qxe5 17. Qd2 b6 18. Rac1 Ba6 19. f4 exf3 20. Rxf3 Rb8 21. Rxf6 Qxf6 22. Qd4 Qxd4 23. exd4 Bc4 24. Bf1 b5 25. b4 axb4 1/2-1/2